Ten Random Facts #1 - Statistics

General Stats
  • This quiz has been taken 43 times
  • The average score is 6 of 10
Answer Stats
Question Answer % Correct
The letter that ends the most words is which letter? E
95%
In 1867, Alaska was bought by the USA from which country? Russia
95%
There are 2 letters that do not start the name of any country. Name one of them. W, X
92%
The letter that starts the least words is which letter? X
92%
Which type of diabetes is genetically inherited? Type 1
82%
What is the 19 in COVID-19 short for? 2019
69%
What is the chemical compound for salt? NaCl
51%
What is the largest province of Canada? Quebec
41%
What is the world's steepest drop in a rollercoaster? 121 degrees
8%
Which type of tree grows fruit that, when ripe, explode? Sandbox
8%
No matching quizzes found
Score Distribution
Percent of People with Each Score
Percentile by Number Answered
Your Score History
You have not taken this quiz